Library Logo

Pioneer International University Library Catalogue

HAUGHTY BOYS OF NGOROKE (Record no. 9416)

MARC details
000 -LEADER
fixed length control field 00345nam a22001337a 4500
005 - DATE AND TIME OF LATEST TRANSACTION
control field 20250901165812.0
008 - FIXED-LENGTH DATA ELEMENTS--GENERAL INFORMATION
fixed length control field 250324b |||||||| |||| 00| 0 eng d
020 ## - INTERNATIONAL STANDARD BOOK NUMBER
International Standard Book Number 9781926906447
050 ## - LIBRARY OF CONGRESS CALL NUMBER
Classification number PR 8379.9 .A23 2015
245 ## - TITLE STATEMENT
Title HAUGHTY BOYS OF NGOROKE
Statement of responsibility, etc. ABALA J IMALI
260 ## - PUBLICATION, DISTRIBUTION, ETC.
Place of publication, distribution, etc. CANADA
Name of publisher, distributor, etc. NSEMIA PUBLISHERS
Date of publication, distribution, etc. 2015
300 ## - PHYSICAL DESCRIPTION
Extent 168
942 ## - ADDED ENTRY ELEMENTS (KOHA)
Source of classification or shelving scheme Library of Congress Classification
Holdings
Withdrawn status Lost status Source of classification or shelving scheme Damaged status Not for loan Collection Home library Current library Shelving location Date acquired Source of acquisition Total checkouts Full call number Barcode Date last seen Price effective from Koha item type
    Library of Congress Classification       Main Library Main Library   03/24/2025 Donation from KICD   PR 8379.9 .A23 2015 PIUD0000302 03/24/2025 03/24/2025 Books
    Library of Congress Classification       Main Library Main Library   03/24/2025 Donation from KICD   PR 8379.9 .A23 2015 PIUD0000303 03/24/2025 03/24/2025 Books